000 00503cam a2200193ua 4500
001 1649
008 110921n ii |||gr||||Z||||||eng
020 _a81-224-1548-2
040 _cMAIN
082 _a363.7
245 1 0 _aPerspectives in environmental studies
_cby Anubha Kaushik
250 _a1st ed.
260 _aNew Delhi:
_bNew age,
_c2004.
300 _axv, 260p.:
_bill.;5cm.
653 _aEnvironmental studies
700 _aKaushik, Anubha,
700 _aKaushik, C.P.,
_eAuthor.
942 _cBK
999 _c1536
_d1536